000
00240nam a22000977a 4500
003
SGT
245
_a
INTERNATIONAL JOURNAL OF MECHANICS AND SOLID
260
_a
DELHI
_b
RIP RESEARCH INDIA PUBLICATIONS
_c
2013
300
_a
167
942
_2
ddc
_c
BV
999
_c
20249
_d
20249